It only takes a minute to change your life (Record no. 19641)
[ view plain ]
| 000 -LEADER | |
|---|---|
| fixed length control field | 00306nam a2200145Ia 4500 |
| 082 ## - DEWEY DECIMAL CLASSIFICATION NUMBER | |
| Classification number | 808.83 |
| Item number | JOL |
| 100 ## - MAIN ENTRY--PERSONAL NAME | |
| Personal name | Jolley |
| 245 ## - TITLE STATEMENT | |
| Title | It only takes a minute to change your life |
| 260 ## - PUBLICATION, DISTRIBUTION, ETC. | |
| Name of publisher, distributor, etc. | Manjul |
| Date of publication, distribution, etc. | 2012 |
| 366 ## - TRADE AVAILABILITY INFORMATION | |
| Publishers's discount category | 20 |
| 300 ## - PHYSICAL DESCRIPTION | |
| Extent | 212 |
| 546 ## - LANGUAGE NOTE | |
| Language note | MARATHI |
| -- | Computers |
| 942 ## - ADDED ENTRY ELEMENTS (KOHA) | |
| Koha item type | BOOK |
| Withdrawn status | Lost status | Damaged status | Not for loan | Collection | Home library | Current library | Date acquired | Source of acquisition | Cost, normal purchase price | Inventory number | Total Checkouts | Full call number | Barcode | Date due | Date last seen | Date last checked out | Cost, replacement price | Price effective from | Koha item type |
|---|---|---|---|---|---|---|---|---|---|---|---|---|---|---|---|---|---|---|---|
| CRC | Fr. Agnel's C.Rodrigues College of Engineering | Fr. Agnel's C.Rodrigues- College of Engineering | 17/03/2023 | Dharma Enterprises | 140.00 | 146 dt 23/05/2013 | 1 | 808.83 JOL | 22633 | 22/07/2013 | 12/06/2023 | 12/06/2023 | 175.00 | BOOK |